[Event "IRI-ch U10"]
[Site "Chess.com INT"]
[Date "2021.01.16"]
[Round "2"]
[White "Khalouei Koupaei, Arya"]
[Black "Boozhmehrani, Mehrab"]
[Result "1-0"]
[WhiteElo "1308"]
[BlackElo "1017"]
[PlyCount "49"]
[EventDate "2021.01.16"]
[EventType "swiss"]
[EventRounds "11"]
[EventCountry "IRI"]
[SourceTitle "EXT 2022"]
[Source "ChessBase"]
[SourceDate "2021.10.06"]
[SourceVersion "1"]
[SourceVersionDate "2021.10.06"]
[SourceQuality "1"]

1. d4 Nf6 2. Bf4 d5 3. e3 e6 4. Nf3 c5 5. c3 cxd4 6. exd4 Bd6 7. Ne5 0-0 8. Nd2 Nc6 9. Bd3 Re8 10. g4 Qc7 11. Qe2 a5 12. g5 Nd7 13. Bxh7+ Kf8 14. Ndf3 Ncxe5 15. Nxe5 Nxe5 16. dxe5 Bc5 17. Qh5 d4 18. g6 dxc3 19. gxf7 Rd8 20. Bg6 Bxf2+ 21. Kxf2 Qb6+ 22. Kg3 cxb2 23. Qh8+ Ke7 24. Qe8+ Rxe8 25. fxe8Q# 1-0

[Event "IRI-ch U10"]
[Site "Chess.com INT"]
[Date "2021.01.16"]
[Round "9"]
[White "Moosazadeh, Karen"]
[Black "Khalouei Koupaei, Arya"]
[Result "0-1"]
[WhiteElo "1008"]
[BlackElo "1308"]
[PlyCount "83"]
[EventDate "2021.01.16"]
[EventType "swiss"]
[EventRounds "11"]
[EventCountry "IRI"]
[SourceTitle "EXT 2022"]
[Source "ChessBase"]
[SourceDate "2021.10.06"]
[SourceVersion "1"]
[SourceVersionDate "2021.10.06"]
[SourceQuality "1"]

1. e4 c6 2. d4 d5 3. exd5 cxd5 4. c4 Nc6 5. Nc3 Nf6 6. h3 Bf5 7. Nf3 e6 8. a3 Bd6 9. c5 Bc7 10. Bd3 Bg6 11. 0-0 0-0 12. Bg5 Qe7 13. Nb5 Bb8 14. Bh4 a6 15. Nc3 Bc7 16. Re1 Qd7 17. Bxf6 gxf6 18. Qd2 Kg7 19. Re2 Rfe8 20. Bxg6 hxg6 21. Rae1 Rad8 22. Nh2 Bxh2+ 23. Kxh2 e5 24. dxe5 fxe5 25. b4 Qf5 26. Qc2 d4 27. Qxf5 gxf5 28. Nb1 d3 29. Rd2 e4 30. Re3 f4 31. Re1 e3 32. fxe3 fxe3 33. Rdd1 d2 34. Nxd2 Rxd2 35. Rxe3 Rxe3 36. Rxd2 Rxa3 37. Rd7 Ra4 38. Rxb7 Rxb4 39. Rc7 Nd4 40. h4 a5 41. h5 Ne6 42. Re7 0-1